01591nam a2200337 4500003000500000005001700005008004100022020001800063050001600081082001700097100003500114245004600149250002100195264005000216300003900266336002600305337002800331338002700359504005100386505014600437650001300583650001300596700002900609700004700638942003900685952012800724952012800852952012800980952012801108999001701236CSPC20231117120017.0231117s2013 ph a b 001 0 eng  a9789719800866 aQA551b.D34 a516.3bD370a1 aDe La Cruz, Perla S.,eauthor. aAnalytic geometry /cPerla S. De La Cruz. aRevisedbEdition aQuezon City :bC & E Publishing, Inc.,c2013. aix, 400 pages :bFigures ;c25 cm. 2rdacontentatextbtxt 2rdamediaaunmediatedbn 2rdacarrieravolumebnc aIncludes bibliographical references and index. aPreliminary concepts -- Lines -- Circles -- Conic Sections -- Simplification of equations -- Algebraic curves -- The polar coordinate system. aGeometry aAnalytic1 aMaderal Lea D.,eauthor.1 aValdez, Ma. Theresa Christine C.,eauthor. 2ddcn0cBKh516.3 D370akFILm2013 00102ddc4070aBUHIbBUHIcFILd2023-11-17l0oFIL 516.3 D370a 2013p000842-BUHr2023-11-17 00:00:00t1-4w2023-11-17yBK 00102ddc4070aBUHIbBUHIcFILd2023-11-17l0oFIL 516.3 D370a 2013p000843-BUHr2023-11-17 00:00:00t2-4w2023-11-17yBK 00102ddc4070aBUHIbBUHIcFILd2023-11-17l0oFIL 516.3 D370a 2013p000844-BUHr2023-11-17 00:00:00t3-4w2023-11-17yBK 00102ddc4070aBUHIbBUHIcFILd2023-11-17l0oFIL 516.3 D370a 2013p000845-BUHr2023-11-17 00:00:00t4-4w2023-11-17yBK c26561d26561